000 02028 a2200373 4500
001 41089
005 20260407155704.0
008 260407a2008 arg spa d
003 AR-UNSa-BCEJYS
040 _aAR-UNSa-BCEJYS
_bspa
_cAR-UNSa-BCEJYS
080 _a343.156
_xRecursos contra sentencias judiciales no firmes. Apelaciones. Objeciones. Recurso de casación.
245 1 0 _aLa casación civil, penal y laboral en la nación y en la provincia de Buenos Aires
020 _a978-950-894-699-7
264 1 _aBuenos Aires :
_bAD-HOC
_c2008
300 _a304 p.
_c20 cm.
505 _a1. El recurso de casación en el proceso civil oral - 2. Diferencias entre la casación, el recurso extraordinario federal y el recurso de inaplicabilidad de la Ley en el orden nacional - 3. La dobre instancia y el recurso de casación - 4. El derecho al recurso y la casación penal - 5. Tendencias desformalizadoras en la admisibilidad y procedencia de los recursos extraordinarios en la casación bonaerense - 6. La nueva casación civil española - 7. El recurso extraordinario federal y su incidencia en el recurso de casación penal - 8. Algunas anotaciones al nuevo régimen del recurso de casación en los juicios laborales en Venezuela - 9. Recursos extraordinarios. El requisito del depósito previo en el proceso laboral de la provincia de Buenos Aires
041 _aspa
942 _cBK
590 _aniveau_biblio:m niveau_hierar:0
100 1 _aMasciotra, Mario
700 1 _aMorello, Augusto Mario
700 1 _aFalcón, Enrique M.
700 1 _aGozaíni, Osvaldo A.
700 1 _aLedesma, Angela Ester
700 1 _aCostantino, Juan
700 1 _aMéndez, Héctor O.
700 1 _aÍsola, Alfredo E.
700 1 _aBaumeister Toledo, Alberto
700 1 _aValcarce, Arodin
700 1 _aCarelli, Enrique A.
700 1 _aLópez Alduncin, María de las Mercedes
700 1 _aGómez, Santiago R.
856 4 1 _uhttps://biblioeco.unsa.edu.ar/pmb/images/libros/L126356.jpg
_yImagen de portada
_qimage/jpeg
999 _c3357
_d3357